| 000 | 00430nam a2200157Ia 4500 | ||
|---|---|---|---|
| 008 | 210716s2006 xx 000 0 und d | ||
| 020 | _a9812531769 | ||
| 041 | _aeng | ||
| 082 | _a005.42 SILA | ||
| 100 | _aSilberschatz, Abraham; Galvin, Peter Baer; Gagne, Greg. | ||
| 245 | _aOpearating system principles. | ||
| 250 | _a7 | ||
| 260 |
_aNew York _bJohn Wiley and Sons _c2006 |
||
| 300 | _axx,896 | ||
| 650 | _aOperating Systems | ||
| 999 |
_c187603 _d187603 |
||